Films avec Judith Godrèche par image - Statistiques

Statistiques générales
  • Ce quiz a été pris 12 fois
  • Le résultat moyen est 4 sur 16
Statistiques - réponses
Par images Réponse % Correct
Potiche
80%
L'Auberge espagnole
70%
L'Homme au masque de fer
50%
Ridicule
40%
Beaumarchais, l'insolent
30%
La Désenchantée
30%
Bimboland
20%
Fais-moi plaisir !
10%
France Boutique
10%
Holiday
10%
J'veux pas que tu t'en ailles
10%
La Fille de 15 ans
10%
Low Cost
10%
Toutes les filles pleurent
10%
Tout pour plaire
10%
Tu vas rire, mais je te quitte
10%
Aucun quiz correspondant
Distribution des résultats
% des personnes avec chaque résultat
Percentile par nombre de réponses
Votre historique - résultats
Vous n’avez pas pris ce quiz